33岡山県の市区町村(選択形式) - Statistics

General Stats
  • This quiz has been taken 21 times
  • The average score is 25 of 30
Answers on the Map
Answers color-coded by a green-red scale on the quiz's map according to % correct below.
 
Answer Stats
Answer % Correct
13:備前市
95%
05:倉敷市
89%
12:新見市
89%
15:赤磐市
89%
17:美作市
89%
27:西粟倉村
89%
01:岡山市北区
84%
02:岡山市中区
84%
03:岡山市東区
84%
04:岡山市南区
84%
06:津山市
84%
07:玉野市
84%
09:井原市
84%
14:瀬戸内市
84%
16:真庭市
84%
19:和気町
84%
23:新庄村
84%
29:美咲町
84%
30:吉備中央町
84%
08:笠岡市
79%
10:総社市
79%
11:高梁市
79%
20:早島町
79%
21:里庄町
79%
22:矢掛町
79%
24:鏡野町
79%
25:勝央町
79%
26:奈義町
79%
28:久米南町
79%
18:浅口市
74%
No matching quizzes found
Score Distribution
Percent of People with Each Score
Percentile by Number Answered
Your Score History
You have not taken this quiz